Конституционное право Российской Федерации: шпаргалка

Dades bibliogràfiques
Idioma:rus
Publicat: Москва, РИОР, 2006
Col·lecció:Шпаргалка
Matèries:
Format: MixedMaterials Llibre
KOHA link:https://koha.lib.tpu.ru/cgi-bin/koha/opac-detail.pl?biblionumber=108638

MARC

LEADER 00000nam0a2200000 4500
001 108638
005 20231031115737.0
010 |a 5955702164 
035 |a (RuTPU)RU\TPU\book\117281 
090 |a 108638 
100 |a 20070123d2006 m y0rusy50 ca 
101 0 |a rus 
102 |a RU 
105 |a y j 000zy 
200 1 |a Конституционное право Российской Федерации  |e шпаргалка 
210 |a Москва  |c РИОР  |d 2006 
215 |a 40 с. 
225 1 |a Шпаргалка 
610 1 |a право 
610 1 |a конституции 
610 1 |a конституционные права 
610 1 |a конституционное право 
610 1 |a Российская Федерация 
610 1 |a учебные пособия 
686 |a Х620.12я73  |v LBC/SL-A  |2 rubbk 
801 1 |a RU  |b 63413507  |c 20070123  |g PSBO 
801 2 |a RU  |b 63413507  |c 20130328  |g PSBO 
942 |c BK 
959 |a 3/20070122  |d 3  |e 9,90  |f АНЛ:2  |f НФ:1